000 00683nam a2200241 i 4500
001 C2-0108635
003 PPAK
005 20180727102647.0
008 970619s1995 njua|||| ||||| | eng d
020 _a0131808036
040 _aPPAK
_beng
_cPPAK
_erda
082 0 4 _a658.5620952
_223
090 0 0 _a658.5620952
_bEBE
_dG
100 1 _aEberts, Ray E.,
_eauthor
245 1 4 _aThe myths of Japanese quality
264 1 _aNew Jersey :
_bPrentice Hall ,
_c1995
300 _ax, 338 pages :
_billustrations ;
_c25 cm
336 _2rdacontent
_atext
337 _2rdamedia
_aunmediated
338 _2rdacarrier
_avolume
650 1 0 _aTotal quality management - Japan
942 _ddc
_cB
999 _c26868
_d26868